000179638 001__ 179638
000179638 005__ 20160817112022.0
000179638 022__ $$a0254-0096
000179638 0247_ $$2ZDBID$$aPERI:(DE-600)791242-0
000179638 0247_ $$2ZDBPPN$$aZDPPN:014366789
000179638 0247_ $$2SCOPUS$$aSCOPUS:13349
000179638 030__ $$aTYNPDG
000179638 030__ $$aTYNPDG
000179638 035__ $$aPERI:(DE-600)791242-0
000179638 041__ $$achi
000179638 082__ $$a530
000179638 245__ $$aTai yang neng xue bao$$bji kan$$cTai yang neng xue bao bian ji wei yuan hui bian ji$$hprint
000179638 2463_ $$aT'ai-yang-neng-hsüeh-pao
000179638 247__ $$2DE-600$$aTai yang neng xue bao
000179638 260__ $$aBei jing$$bZhong guo tai yang neng xue hui
000179638 380__ $$2marcgt$$ajournal
000179638 500__ $$aAutomatically generated record. (Updated: 08/2016)
000179638 650_7 $$0ASJC:2102$$2ASJC$$aEnergy Engineering and Power Technology
000179638 650_7 $$0ASJC:3107$$2ASJC$$aAtomic and Molecular Physics, and Optics
000179638 650_7 $$0ASJC:2504$$2ASJC$$aElectronic, Optical and Magnetic Materials
000179638 650_7 $$0ASJC:2105$$2ASJC$$aRenewable Energy, Sustainability and the Environment
000179638 909CO $$ooai:juser.fz-juelich.de:274782$$pauthority$$pauthority:PERI
000179638 909CO $$ooai:juser.fz-juelich.de:274782
000179638 915__ $$0StatID:(DE-HGF)0200$$2StatID$$aDBCoverage$$bSCOPUS
000179638 980__ $$aPERI
000179638 980__ $$aAUTHORITY